Evaluation des 13. Deutschen Präventionstages am 2. und 3. Juni 2008 in Leipzig
| VerfasserInnen: | ; |
|---|---|
| Medienart: | Druck Aufsatz |
| Sprache: | Deutsch |
| Veröffentlicht: |
2009
|
| In: |
Engagierte Bürger - sichere Gesellschaft
Jahr: 2009, Seiten: 111-140 |
| Online-Zugang: |
Volltext (kostenfrei) Volltext (kostenfrei) Volltext (kostenfrei) |
| Verfügbarkeit prüfen: | HBZ Gateway |
MARC
| LEADER | 00000caa a2200000 c 4500 | ||
|---|---|---|---|
| 001 | 1819132749 | ||
| 003 | DE-627 | ||
| 005 | 20250613102215.0 | ||
| 007 | tu | ||
| 008 | 221018s2009 xx ||||| 00| ||ger c | ||
| 020 | |a 9783936999617 | ||
| 035 | |a (DE-627)1819132749 | ||
| 035 | |a (DE-599)KXP1819132749 | ||
| 040 | |a DE-627 |b ger |c DE-627 |e rda | ||
| 041 | |a ger | ||
| 084 | |a 2,1 |2 ssgn | ||
| 100 | 1 | |a Lobermeier, Olaf |d 1969- |e VerfasserIn |0 (DE-588)128369078 |0 (DE-627)372616690 |0 (DE-576)297105558 |4 aut | |
| 109 | |a Lobermeier, Olaf 1969- | ||
| 245 | 1 | 0 | |a Evaluation des 13. Deutschen Präventionstages am 2. und 3. Juni 2008 in Leipzig |c Olaf Lobermeier, Rainer Strobl |
| 264 | 1 | |c 2009 | |
| 336 | |a Text |b txt |2 rdacontent | ||
| 337 | |a ohne Hilfsmittel zu benutzen |b n |2 rdamedia | ||
| 338 | |a Band |b nc |2 rdacarrier | ||
| 700 | 1 | |a Strobl, Rainer |d 1960- |e VerfasserIn |0 (DE-588)121807487 |0 (DE-627)081547846 |0 (DE-576)174192959 |4 aut | |
| 773 | 0 | 8 | |i Enthalten in |t Engagierte Bürger - sichere Gesellschaft |b 1. Aufl. |d Mönchengladbach : Forum Verlag Godesberg, 2009 |g (2009), Seite 111-140 |h 404 S. |w (DE-627)615973493 |w (DE-576)314998446 |z 9783936999617 |7 nnam |
| 773 | 1 | 8 | |g year:2009 |g pages:111-140 |
| 776 | 1 | |o 10.15496/publikation-107517 | |
| 856 | 4 | 1 | |u http://hdl.handle.net/10900/166190 |x Resolving-System |z kostenfrei |3 Volltext |7 0 |
| 856 | 4 | 1 | |u http://nbn-resolving.org/urn:nbn:de:bsz:21-dspace-1661903 |x Resolving-System |z kostenfrei |3 Volltext |7 0 |
| 856 | 4 | 1 | |u https://doi.org/10.15496/publikation-107517 |x Resolving-System |z kostenfrei |3 Volltext |7 0 |
| 951 | |a AR | ||
| ELC | |b 1 | ||
| LOK | |0 000 xxxxxcx a22 zn 4500 | ||
| LOK | |0 001 4730874617 | ||
| LOK | |0 003 DE-627 | ||
| LOK | |0 004 1819132749 | ||
| LOK | |0 005 20250604080016 | ||
| LOK | |0 008 250604||||||||||||||||ger||||||| | ||
| LOK | |0 040 |a DE-2619 |c DE-627 |d DE-2619 | ||
| LOK | |0 092 |o n | ||
| LOK | |0 852 |a DE-2619 | ||
| LOK | |0 852 1 |9 00 | ||
| LOK | |0 866 |x #599 | ||
| LOK | |0 935 |a kdpt | ||
| LOK | |0 939 |a 04-06-25 |b l01 | ||
| OAS | |a 1 | ||
| ORI | |a SA-MARC-krimdoka001.raw | ||
